Bangalir bhasachinta (Record no. 6870)

MARC details
000 -LEADER
fixed length control field 00526cam a2200205ua 4500
008 - FIXED-LENGTH DATA ELEMENTS--GENERAL INFORMATION
fixed length control field 141222n ii |||gr||||Z||||||ben
020 ## - INTERNATIONAL STANDARD BOOK NUMBER
International Standard Book Number 8180640086
040 ## - CATALOGING SOURCE
Transcribing agency MAIN
041 ## - LANGUAGE CODE
-- ben
082 ## - DEWEY DECIMAL CLASSIFICATION NUMBER
Classification number 491.44
100 ## - MAIN ENTRY--PERSONAL NAME
Personal name Bandhyopadhyay, S.,
Relator term
245 1# - TITLE STATEMENT
Title Bangalir bhasachinta
Statement of responsibility, etc. Edited by Sundip Bandyopadhyay
250 ## - EDITION STATEMENT
Edition statement 1st.
260 ## - PUBLICATION, DISTRIBUTION, ETC.
Place of publication, distribution, etc. Calcutta:
Name of publisher, distributor, etc. Progressive,
Date of publication, distribution, etc. 2002.
300 ## - PHYSICAL DESCRIPTION
Extent xvi,253p.
942 ## - ADDED ENTRY ELEMENTS (KOHA)
Koha item type Books
653 ## - INDEX TERM--UNCONTROLLED
Uncontrolled term East Indo-European & Celtic languages
653 ## - INDEX TERM--UNCONTROLLED
Uncontrolled term Bengali language
Holdings
Withdrawn status Lost status Damaged status Not for loan Home library Current library Date acquired Total Checkouts Full call number Barcode Date last seen Copy number Price effective from Koha item type
        Naharkatiya College Library Naharkatiya College Library 19/09/2020   491.44 | BAN 12835 19/09/2020 1 19/09/2020 Books

Naharkatiya College © 2020. All rights reserved.

Powered By